| 000 | 00785nam a22002537a 4500 | ||
|---|---|---|---|
| 999 |
_c172895 _d172895 |
||
| 005 | 20200214130841.0 | ||
| 010 | _aENG-127747 | ||
| 020 |
_c230.00 _a9788181804327 |
||
| 035 | _aEN-111279 | ||
| 037 | _bDBAD/PUB | ||
| 082 | _a580 | ||
| 100 | _aB.K.Vijay Kumar | ||
| 245 |
_aB.SC.Second Year- sem III,IV Botany/ _cby B.K.Vijay Kumar...[etall.] edited by C.Manoharachary [and] Y.Narasingro Varma |
||
| 260 |
_aHyderabad _c2017 _bTelugu Akademi |
||
| 270 |
_aTelugu Akademi Himayatnagar Hyderabad _e500029 _bHyderabad _minfo@teluguacademy.net |
||
| 300 |
_a604p. _b24cm(pbk) |
||
| 700 | _aReddy,S.Ram | ||
| 700 | _aH.Ramakrishna | ||
| 700 | _aT.Aravinda | ||
| 700 | _aD.Nagarju | ||
| 700 | _aC.Manoharachary | ||
| 700 | _aVarma,Y.Narasingrao | ||
| 942 |
_2ddc _cEN _hVIJ _k580 |
||